MARC

LEADER 00000nam0a2200000 4500
001 377168
005 20231102012904.0
035 |a (RuTPU)RU\TPU\retro\34614 
090 |a 377168 
100 |a 20230210d1978 m y0rusy50 ca 
101 0 |a rus 
102 |a UA 
105 |a a j 001zy 
200 1 |a Статические погрешности аналоговых средств измерения  |e учебное пособие  |f А. Д. Трубенок  |g Киевский политехнический институт 
210 |a Киев  |c [Б. и.]  |d 1978 
215 |a 74 с.  |c ил. 
320 |a Библиогр.: с. 71 
606 1 |a Погрешности измерений  |2 stltpush  |3 (RuTPU)RU\TPU\subj\49528  |9 68315 
610 1 |a средства измерений 
610 1 |a статические погрешности 
610 1 |a инструментальные погрешности 
610 1 |a методические погрешности 
610 1 |a расчет 
610 1 |a структурные схемы 
610 1 |a предельные значения 
610 1 |a звенья 
610 1 |a соединение 
610 1 |a учебные пособия 
675 |a 681.2.088  |v 4 
700 1 |a Трубенок  |b А. Д.  |g Александр Давыдович 
712 0 2 |a Киевский политехнический институт  |2 stltpush  |3 (RuTPU)RU\TPU\col\310  |9 23339 
801 1 |a RU  |b 63413507  |c 20230210 
942 |c BK